000 00603cam a22002053a 4500
001 41666
003 PGUSA
005 20140828083936.0
008 121220s2012||||xxu|||||s|||||000 | eng d
040 _aPGUSA
_beng
042 _adc
100 1 _aJoyce, P. W.
_q(Patrick Weston),
_d1827-1914
245 1 4 _aThe Story of Ancient Irish Civilization
_h[electronic resource] /
_cP. W. Joyce
260 _bProject Gutenberg,
_c2012
506 _aPublic domain in the USA.
516 _aElectronic text
830 0 _aProject Gutenberg
_v41666
856 4 0 _uhttp://www.gutenberg.org/ebooks/41666
942 _cEB
999 _c270918
_d270918